000 00775nam a2200301Ia 4500
001 57323
003 IT-RoPAU
008 130308s9999 xx 000 0 und d
040 _aIT-RoPAU
040 _cIT-RoPAU
041 _aFRANCESE
100 _aHjelmslev Louis
100 _gCodice Aut. SPICS: 5463
245 _aLinguistique structurale
245 _bGenese de la Pensee Linguistique
250 _a1a ed.
260 _aPARIS
260 _bColin Armand
260 _c1973 [1° Ed.:1973 - Ed.Ling.Originale:1959]
300 _a"6 p. (prefazione: no ; testo: 6 [pagine: 226-231])"
500 _aLinguistica Strutturale
650 _aLINGUISTICA
650 _eCodice materia Spics: 3201
942 _cBK
957 _71
999 _c39381
_d39381
999 _bSI
999 _g1